[Event "Interzonal-15"]
[Site "Manila"]
[Date "1990.??.??"]
[Round "1"]
[White "Chandler, Murray G"]
[Black "Ivanchuk, Vassily"]
[Result "1-0"]
[WhiteElo "2560"]
[BlackElo "2680"]
[Annotator "Chandler,M"]
[PlyCount "97"]
[EventDate "1990.06.29"]
[EventType "swiss"]
[EventRounds "13"]
[EventCountry "PHI"]
[SourceTitle "CBM 019"]
[Source "ChessBase"]
[SourceDate "1990.12.01"]
[SourceVersion "1"]
[SourceVersionDate "1990.12.01"]
[SourceQuality "1"]

1. e4 e6 2. d4 d5 3. Nc3 Bb4 4. e5 c5 5. a3 Bxc3+ 6. bxc3 Ne7 7. Nf3 Qa5 (7...
Bd7 8. a4 Qa5 9. Bd2 c4 $5 10. Ng5 $5 (10. Qb1 Nbc6 11. g3) 10... h6 (10...
Bxa4 $6 11. Qh5 Ng6 12. h4 {Stohl}) 11. Nh3 Bxa4 12. Nf4 $146 {Stohl}) 8. Bd2
Nbc6 (8... Bd7 9. Be2 $6 Ba4) 9. a4 Bd7 10. Bb5 $5 O-O-O (10... a6 $6 11. Be2)
(10... Qc7) (10... f6) (10... c4) 11. O-O c4 $6 (11... f6 12. c4 Qc7 13. cxd5
$13 {Stohl}) 12. Bc1 $1 $14 f6 (12... Qxc3 $5 13. Bd2 Qb2 14. Rb1 Qa3 15. Qe1
$1 (15. Ra1 $10) (15. Bg5 $6 Rde8 (15... h6 $2 16. Bxc6 Bxc6 17. Ra1 Qb4 18. c3
$18) 16. Qd2 Nf5 17. Ra1 Qf8 {Stohl}) (15. Ng5 Be8 (15... Rdf8 $1 16. Qe1 $5 h6
$1 $8 (16... a6 $2 17. Bb4 $3 Nxb4 18. Bxd7+ Kxd7 19. Rxb4 $16 {Stohl}) 17. Bc3
Nf5 18. Bxc6 (18. Nf3 Re8 19. Bxc6 Bxc6 20. Bb4 Qxa4 21. Qc3 Qa6 22. Ra1 Ba4 {
Stohl}) 18... Bxc6 19. Bb4 Qxa4 20. Bxf8 Rxf8 21. Ra1 Qxc2 22. Rxa7 $13) 16.
Qe1 a6 17. Bc3 $1 Nf5 (17... axb5 18. axb5 $5 $36) 18. Bxc6 bxc6 19. Bb4 $16)
15... Nf5 (15... a6 16. Ng5 (16. Bc3 Nf5 17. Bxc6 Bxc6 18. Bb4 Qxa4 19. Qc3 Be8
$17) 16... axb5 (16... Rdf8 17. Bb4) 17. axb5 Nxd4 $1 18. Bb4 Nxc2 19. Bxa3
Nxe1 20. Rfxe1 (20. Bxe7 Nd3 21. Nxf7 Rde8 $13) 20... Nf5 21. Nxf7 Nd4 $146 {
Stohl}) 16. Bxc6 Bxc6 17. Bb4 Qxa4 18. Qc3 Qa6 $6 19. Ra1 $40 Ba4 20. Ba5 b6
21. Rxa4 bxa5 22. Rb1 $18) 13. Qe1 $5 (13. Re1) 13... Rhe8 (13... Rde8 $5) (
13... Nxe5 $2 14. dxe5 Bxb5 15. Ba3) 14. Ba3 Kb8 (14... fxe5 15. dxe5 $14) 15.
Bxc6 $1 Nxc6 16. Qe3 Ka8 17. Rfb1 $14 Bc8 (17... Qxa4 $2 18. Qd2 Qa6 19. Bc5 (
19. Be7 $6 Qxa1 20. Rxa1 Rxe7 21. exf6 gxf6 22. Qh6 Rf7 $14) 19... Na5 20. exf6
gxf6 21. Qh6 $16) 18. Bd6 Rd7 (18... b6 $5 {?! Stohl} 19. Rb5 Qa6 $14 20. Qf4
$16 {(Stohl 90)}) 19. Rb5 Qd8 20. a5 $5 g5 $2 (20... Rxd6 $5 21. exd6 Qxd6 $14
22. Qd2 $14) (20... f5) (20... fxe5) (20... Rg8 $5 21. Bc5 Qe8 $132) 21. Bc5 $3
$16 g4 22. Bb6 $1 Rc7 $5 (22... axb6 $2 23. axb6+ Kb8 24. Qc1 Qe7 25. Qb2 $18)
(22... Qe7 23. exf6 $1 Qxf6 24. Ne5 $16) 23. Ne1 (23. Nd2 $142 $5 fxe5 24. dxe5
Qe7 25. Bxc7 Qxc7 26. f4 {Stohl}) 23... fxe5 (23... f5 24. g3 Qe7 25. Ng2) 24.
dxe5 Bd7 $6 (24... Qe7 $142 $5 25. Bxc7 (25. a6 $6 bxa6 26. Bxc7 axb5) 25...
Qxc7 26. f4 (26. Rc5 Bd7) 26... Ne7) 25. Qc5 $1 $40 (25. Rbb1 $16 {y}) 25...
Re7 (25... Qc8 26. Rbb1) 26. a6 $1 bxa6 (26... axb6 $2 27. axb7+ Kb8 28. Qxb6
$18) 27. Rxa6 Be8 (27... Qc8 28. Bxc7 Qxa6 $2 29. Qxc6+ $1 Bxc6 30. Rb8#) 28.
Bxc7 Rxc7 29. Qd6 $2 (29. Rb1 $142 Nxe5 (29... Nb8 30. Rd6 (30. Qd6 Rd7 31.
Qxe6)) 30. Qd4 $18 Nc6 31. Qxg4) 29... Qxd6 $1 30. exd6 Rb7 $1 31. Rxb7 (31.
Rc5 $2 Rb1 32. Kf1 Kb7) 31... Kxb7 32. Ra1 Kc8 33. Rb1 $6 (33. f3 $142 h5 (
33... gxf3 34. Nxf3 Kd7 35. Nd4 $1 $18) 34. Kf2 Kd7 35. fxg4 hxg4 36. Kg3 $18)
33... a5 (33... Kd7 $5) (33... h5 $5) 34. f3 h5 35. Kf2 Kd7 36. fxg4 hxg4 37.
h3 $2 (37. Kg3 $142 $18) 37... gxh3 38. gxh3 Kxd6 39. Nf3 a4 $2 (39... e5 $142
$1 40. Ke3 Bg6 41. Kd2 $16 {Stohl}) 40. Nd4 $1 e5 (40... Nd8 41. Rb8 Kc7 42.
Ra8) 41. Nxc6 $18 Kxc6 42. Ke3 Kc5 43. Kd2 Kd6 (43... d4 44. Re1 Kd5 45. cxd4 (
45. h4) 45... Kxd4 46. c3+ Kd5 47. Ke3 $18) 44. Rb6+ Kc5 45. Rf6 (45. Re6 Bd7)
45... Kb5 (45... d4 46. Re6) 46. Re6 $1 Bd7 47. Rxe5 Bxh3 48. Rxd5+ Kb6 49. Kc1
1-0

[Event "Naestved Nimzowitsch Memorial"]
[Site "Naestved"]
[Date "1985.09.18"]
[Round "4"]
[White "Chandler, Murray G"]
[Black "Agdestein, Simen"]
[Result "1/2-1/2"]
[WhiteElo "2525"]
[BlackElo "2515"]
[Annotator "ChessBase"]
[PlyCount "74"]
[EventDate "1985.09.14"]
[EventType "tourn"]
[EventRounds "11"]
[EventCountry "DEN"]
[EventCategory "13"]
[SourceTitle "MCL"]
[Source "ChessBase"]
[SourceDate "1999.07.01"]
[SourceVersion "1"]
[SourceVersionDate "1999.07.01"]
[SourceQuality "1"]

1. e4 e6 2. d4 d5 3. Nc3 Bb4 4. e5 c5 5. a3 Bxc3+ 6. bxc3 Ne7 7. Nf3 Bd7 8.
dxc5 Ba4 9. Rb1 Nd7 10. Rxb7 Nxc5 11. Rb4 Qa5 12. Bd2 $5 (12. Nd4 O-O 13. Qh5
$6 (13. Bd3 Qc7 $1 14. Nf3 Ng6 15. O-O $10) 13... Qc7 $1 14. Bb5 $2 (14. Nb5)
14... a5 15. Rb2 Ng6 $17 {Yudasin-Paehtz/Tbilisi/1986/}) 12... O-O 13. c4 Qc7
14. cxd5 exd5 15. Bb5 $1 $14 Bxb5 16. Rxb5 Ne4 17. O-O Rfc8 18. Bb4 $5 (18. Rb2
Ng6) 18... a5 $1 (18... Nc3 $2 19. Bxc3 Qxc3 20. Rb7 Qxa3 21. e6 $40) 19. Be1
$1 (19. Bxe7 Nc3 20. Qd3 Nxb5 21. Ng5 g6 22. Bf6 Qd7 $1 23. Qd2 Rc4 $1 (23...
Nc3 24. Ne4 Nxe4 25. Qh6 $18) (23... h6 $5 24. Ne4 $1 Kh7 25. Bh8 $1 Rc6 $8 26.
Nf6+ Rxf6 27. Bxf6 Nxa3 $13) 24. Ne4 Qc8 $17 25. Qxd5 (25. Qh6 Qf8) 25... Qc6)
19... h6 (19... Qxc2 20. Qxc2 Rxc2 21. Bxa5 $16) 20. h3 Nc3 (20... Qxc2 $6 21.
Qxc2 Rxc2 22. Bxa5 Nc3 23. Bxc3 Rxc3 24. Ra1 $1 Rcxa3 25. Rxa3 Rxa3 26. Rb8+
Kh7 27. Rb7 $16) 21. Bxc3 Qxc3 22. Re1 Qxa3 (22... Qxc2 23. Qxc2 Rxc2 24. Rb7
$36) 23. e6 fxe6 24. Rxe6 Rcb8 25. Nd4 (25. Rxb8+ Rxb8 26. Qe1 Rb7 $13) 25...
Rxb5 26. Nxb5 Qc5 27. Rxe7 Qxe7 $1 $8 (27... Qxb5 28. Qd4 $18) (27... Rf8 28.
Qe2 $18) (27... Rb8 28. Qe2 Qxb5 29. Qe5 Qb2 30. c3 $18) 28. Qxd5+ Kh7 29. Qxa8
Qe1+ 30. Kh2 Qe5+ 31. g3 Qxb5 32. Qe4+ Kh8 33. Qd4 $6 (33. c4 Qc5 34. Kg2 Kg8
$14) 33... a4 34. c4 Qf5 35. Qe3 (35. Kg2 a3) 35... a3 36. Qxa3 Qxf2+ 37. Kh1
Qf1+ 1/2-1/2

[Event "EU-chT 07th Final"]
[Site "Skara"]
[Date "1980.01.21"]
[Round "2.1"]
[White "Ljubojevic, Ljubomir"]
[Black "Hort, Vlastimil"]
[Result "1-0"]
[WhiteElo "2590"]
[BlackElo "2595"]
[Annotator "ChessBase"]
[PlyCount "79"]
[EventDate "1980.01.20"]
[EventType "team-tourn"]
[EventRounds "7"]
[EventCountry "SWE"]
[SourceTitle "EU-chT"]
[Source "ChessBase"]
[SourceDate "1999.07.01"]
[SourceVersion "2"]
[SourceVersionDate "1999.07.01"]
[SourceQuality "1"]
[WhiteTeam "Yugoslavia"]
[BlackTeam "Czechoslovakia"]
[WhiteTeamCountry "YUG"]
[BlackTeamCountry "CSR"]

1. e4 e6 2. d4 d5 3. Nc3 Bb4 4. e5 c5 5. a3 Bxc3+ 6. bxc3 Ne7 7. Nf3 Nbc6 8.
Be2 Qa5 9. Bd2 Bd7 10. O-O c4 11. Ne1 (11. Ng5 $5) 11... O-O-O 12. f4 f5 13. g3
Kb8 14. Ng2 Nc8 15. Ne3 Nb6 16. g4 $1 $14 g6 (16... fxg4 17. Bxg4 $36 {Suetin}
(17. f5 $5)) 17. Qe1 Na4 18. Bf3 h5 19. gxf5 gxf5 20. Ng2 Rdg8 21. Kh1 Qd8 22.
Rg1 Rg4 $6 23. Qf2 Qe7 24. Bxg4 hxg4 25. Ne3 Qh7 26. Rg3 Ne7 27. h3 $1 $16 Ng6
28. Ng2 Qe7 29. Qe3 Rh6 30. Kg1 Qh7 31. Rf1 Nh4 32. Nxh4 Rxh4 33. Rf2 Be8 34.
Rh2 Bg6 35. Qf2 a6 36. Qg2 Qe7 37. Bc1 Ka7 38. Kf2 Bh5 39. Ke1 gxh3 40. Rgxh3
1-0

[Event "URS-ch44 Final"]
[Site "Moscow"]
[Date "1976.12.21"]
[Round "16"]
[White "Tseshkovsky, Vitaly"]
[Black "Gulko, Boris F"]
[Result "0-1"]
[WhiteElo "2550"]
[BlackElo "2530"]
[Annotator "ChessBase"]
[PlyCount "76"]
[EventDate "1976.11.27"]
[EventType "tourn"]
[EventRounds "17"]
[EventCountry "URS"]
[EventCategory "12"]
[SourceTitle "URS-ch"]
[Source "ChessBase"]
[SourceDate "1999.07.01"]
[SourceVersion "1"]
[SourceVersionDate "1999.07.01"]
[SourceQuality "1"]

1. e4 e6 2. d4 d5 3. Nc3 Bb4 4. e5 Ne7 5. a3 Bxc3+ 6. bxc3 c5 7. a4 Nbc6 8. Nf3
Bd7 9. Bb5 $5 Qc7 (9... Na5 $5) (9... a6 10. Bd3) 10. O-O b6 $5 (10... O-O 11.
Ba3 $1) 11. Ba3 Na5 $1 12. Bxd7+ $6 (12. dxc5 Bxb5 (12... bxc5 $6 13. Bxd7+
Kxd7 14. Ng5 Nc4 15. Nxf7 Rhf8 16. Nd6 Nxd6 17. exd6 $14) 13. cxb6 axb6 14.
axb5 O-O $44 {(Gulko)}) 12... Qxd7 $1 13. dxc5 Nc4 $1 14. cxb6 axb6 15. Bxe7
Qxe7 $15 16. Nd2 Nxe5 17. Qe2 Qd6 18. Qb5+ Nd7 19. c4 O-O 20. cxd5 Ra5 21. Nc4
Rxb5 22. Nxd6 Rxd5 23. Rfd1 Rxd1+ 24. Rxd1 Nc5 25. Nc4 Nxa4 26. Rb1 Rb8 27. Rb4
b5 28. Na3 Nc3 29. Rb3 b4 30. Nb1 Ne2+ 31. Kf1 Nd4 32. Rb2 Rb5 33. Ke1 g5 34.
Kd2 Kg7 35. Kd3 Nc6 36. c3 Kf6 37. Kc4 bxc3 38. Kxb5 c2 0-1

[Event "Montreal International"]
[Site "Montreal"]
[Date "1979.05.02"]
[Round "16"]
[White "Ljubojevic, Ljubomir"]
[Black "Hort, Vlastimil"]
[Result "1-0"]
[WhiteElo "2590"]
[BlackElo "2600"]
[Annotator "ChessBase"]
[PlyCount "109"]
[EventDate "1979.04.11"]
[EventType "tourn"]
[EventRounds "18"]
[EventCountry "CAN"]
[EventCategory "15"]
[SourceTitle "MCL"]
[Source "ChessBase"]
[SourceDate "1999.07.01"]
[SourceVersion "1"]
[SourceVersionDate "1999.07.01"]
[SourceQuality "1"]

1. e4 e6 2. d4 d5 3. Nc3 Bb4 4. e5 c5 5. a3 Bxc3+ 6. bxc3 Ne7 7. Nf3 b6 {
/\...Ba6} 8. Rb1 $5 (8. a4 Ba6 9. Bxa6 Nxa6 10. O-O Nb8 $1 11. Ba3 Nd7 $10) (8.
Bb5+ $5 Bd7 9. Bd3) 8... Qc7 (8... Ba6 9. dxc5 $5 Bxf1 (9... bxc5 $2 10. Rxb8
$1) 10. cxb6 axb6 $44 {Kavalek.}) 9. Bd3 Ba6 10. O-O (10. h4 $5) 10... Bxd3 11.
cxd3 h6 (11... O-O 12. Ng5) 12. a4 Nd7 13. Ba3 O-O 14. Re1 Rfe8 $2 (14... f6 $5
15. exf6 Rxf6) (14... Nc6 {/\Na5,c4}) 15. Re2 $14 Rec8 $6 (15... c4 $142 $5)
16. Reb2 Nc6 17. h4 $1 Qd8 18. Re2 Kh8 {/\Qg8-h7} (18... Na5 $142 {/\c5-c4})
19. Re3 Ne7 20. g4 Rc7 21. h5 Rac8 22. Bb2 Qg8 (22... c4 $142) 23. Ne1 Qh7 24.
Ng2 Nb8 25. Rf3 Kg8 26. Qd2 Nbc6 (26... cxd4 27. cxd4 Rc2 28. Qf4 $16) 27. Qf4
Rf8 28. Ba3 c4 29. Rd1 Na5 (29... Rd7 30. dxc4 dxc4 31. Ne3 $16) 30. Bd6 Rd7
31. Nh4 $16 cxd3 (31... Nac6 32. Ng6 Nxg6 33. hxg6 Qxg6 34. Bxf8 Kxf8 35. Rg3
$16) 32. Bxe7 Rxe7 33. Ng6 {+/-/+-} Ree8 34. Nxf8 Rxf8 35. Rdxd3 Nc4 36. Rg3 f6
37. Rdf3 $1 {/\38.ef6 Rf6 39.Qb8+} Qb1+ 38. Kh2 Qe4 (38... Kh7 39. g5 $1) (
38... Qc2 39. g5 $1 Nd2 (39... hxg5 40. Rxg5 Nd2 41. Rxg7+ Kxg7 42. exf6+ $18)
40. gxf6 Nxf3+ 41. Qxf3 Rf7 42. Qg2 Qh7 43. Rg6 Kf8 44. Qg4 $18) 39. Qxe4 dxe4
40. Rf4 fxe5 41. Rxf8+ Kxf8 42. g5 $1 hxg5 43. Rxg5 exd4 44. cxd4 Nd2 45. Kg3
$18 Nf3 46. Rg4 Nxd4 47. Rxe4 Nf5+ 48. Kf4 Ke7 49. Rc4 Kf6 50. Rc7 a5 51. Rc8
e5+ 52. Kg4 Ne7 53. Rf8+ Ke6 54. Kg5 e4 55. Rb8 1-0

[Event "Montreal International"]
[Site "Montreal"]
[Date "1979.04.19"]
[Round "7"]
[White "Kavalek, Lubomir"]
[Black "Portisch, Lajos"]
[Result "1/2-1/2"]
[WhiteElo "2590"]
[BlackElo "2640"]
[Annotator "ChessBase"]
[PlyCount "58"]
[EventDate "1979.04.11"]
[EventType "tourn"]
[EventRounds "18"]
[EventCountry "CAN"]
[EventCategory "15"]
[SourceTitle "MCL"]
[Source "ChessBase"]
[SourceDate "1999.07.01"]
[SourceVersion "1"]
[SourceVersionDate "1999.07.01"]
[SourceQuality "1"]

1. e4 e6 2. d4 d5 3. Nc3 Bb4 4. e5 c5 5. a3 Bxc3+ 6. bxc3 Qc7 7. Nf3 Ne7 8. a4
(8. Bd3 Nbc6 9. O-O Bd7 10. a4 c4 11. Be2 f6 12. Re1 Ng6 13. Ba3 fxe5 14. dxe5
Ncxe5 15. Nxe5 Nxe5 16. Qd4 Ng6 17. Bh5 Kf7 18. f4 $16 {Fischer,R-Larsen,B (1)/
Denver cm/1971/1-0/}) 8... b6 9. Bb5+ (9. Bd3 Ba6 10. O-O Bxd3 11. cxd3 $13)
9... Bd7 10. O-O (10. Bd3 {main line} Nbc6 11. O-O h6 12. Re1 O-O 13. Ba3 Na5
14. dxc5 bxc5 15. Nd2 Bxa4 16. Qg4 Bd7 17. Nf3 $40 {Nunn,J-Nikolic,Pr/Wijk/
1992/}) 10... Bxb5 (10... Nbc6 11. Ba3 Na5 $13) 11. axb5 Nd7 (11... a5 $6 12.
dxc5 $1 bxc5 13. c4 $1 dxc4 14. Nd2 c3 15. Ne4 $1 $16) (11... O-O $6 12. Qd3 h6
13. dxc5 bxc5 14. c4 Nd7 15. cxd5 exd5 16. Re1 $16) 12. Qd3 (12. Qe2 h6 13. Ba3
(13. Bd2 $5 {Kortschnoj}) 13... O-O 14. c4 dxc4 15. Nd2 $5 $14 {Ambroz}) 12...
h6 13. Ba3 (13. Ra4 $5 O-O 14. Bd2 Rfc8 15. Rc1 Nf8 16. Ra6 Qd7 17. Rca1 c4 18.
Qf1 Qxb5 19. Rxa7 $14 {Karpov,An-Mednis,E/Wien/1986/}) 13... O-O 14. c4 dxc4
15. Qxc4 Rfc8 16. Qe2 Qb7 $10 17. dxc5 $6 (17. c4 Nf5 18. d5 exd5 19. e6 $13)
17... bxc5 18. c4 a6 $1 19. Rfb1 axb5 20. Rxb5 Qc6 21. Bb2 Rcb8 22. Nd2 Rxb5
23. cxb5 Qd5 24. Rd1 Nf5 25. Nc4 Nd4 26. Bxd4 cxd4 27. Qf3 Ra4 28. Qxd5 exd5
29. Nb2 Rb4 (29... Rb4 30. Nd3 Rxb5 31. f4 $13) 1/2-1/2

[Event "(GER-ch) Internationa06 DSB Mephisto GM"]
[Site "Hannover"]
[Date "1983.08.22"]
[Round "14"]
[White "Balashov, Yuri S"]
[Black "Chen, De"]
[Result "1-0"]
[WhiteElo "2540"]
[BlackElo "2320"]
[Annotator "ChessBase"]
[PlyCount "37"]
[EventDate "1983.08.05"]
[EventType "tourn"]
[EventRounds "15"]
[EventCountry "GER"]
[EventCategory "9"]
[SourceTitle "MCL"]
[Source "ChessBase"]
[SourceDate "1999.07.01"]
[SourceVersion "1"]
[SourceVersionDate "1999.07.01"]
[SourceQuality "1"]

1. e4 e6 2. d4 d5 3. Nc3 Bb4 4. e5 c5 5. a3 Bxc3+ 6. bxc3 Ne7 7. Nf3 Bd7 8.
dxc5 Ng6 9. Bd3 $1 (9. Be3 $6 Nc6 $1) 9... Nc6 10. Rb1 Qc7 11. O-O Ncxe5 12.
Nxe5 Nxe5 13. Bf4 $1 O-O-O (13... f6 14. Qh5+ Kf8 15. Bxe5 fxe5 16. Bxh7 $16)
14. Qe2 f6 15. Ba6 $1 $18 Bc6 16. Rxb7 $1 Bxb7 17. Rb1 Rd7 (17... Bxa6 18.
Qxa6+ Kd7 19. Rb7 Qxb7 20. Qxb7+ Ke8 21. Bxe5 fxe5 22. c6 $18) 18. Rxb7 Qxb7
19. c6 $1 (19. c6 Nxc6 20. Bxb7+ Kxb7 21. Qb5+ $18) 1-0

[Event "Szirak"]
[Site "Szirak"]
[Date "1986.??.??"]
[Round "?"]
[White "Rogers, Ian"]
[Black "Nogueiras Santiago, Jesus"]
[Result "1/2-1/2"]
[WhiteElo "2515"]
[BlackElo "2570"]
[Annotator "ChessBase"]
[PlyCount "99"]
[EventDate "1986.09.??"]
[EventType "tourn"]
[EventRounds "13"]
[EventCountry "HUN"]
[EventCategory "12"]
[SourceTitle "MCL"]
[Source "ChessBase"]
[SourceDate "1999.07.01"]
[SourceVersion "1"]
[SourceVersionDate "1999.07.01"]
[SourceQuality "1"]

1. e4 e6 2. d4 d5 3. Nc3 Bb4 4. e5 c5 5. a3 Bxc3+ 6. bxc3 Ne7 7. Nf3 Qa5 8. Bd2
Nbc6 9. a4 Bd7 10. Bb5 $5 Qc7 11. O-O O-O 12. Re1 b6 (12... h6 13. Bf4 (13. Bc1
$1) 13... Ng6) 13. Bd3 h6 14. Qc1 c4 15. Bf1 f6 16. g3 Ng6 (16... fxe5 17. Nxe5
Nxe5 18. Rxe5 Nc6 19. Re3 e5) 17. Bg2 $16 f5 18. Bxh6 $6 (18. Qd1 $1) (18. h4
$16) 18... gxh6 19. Qxh6 Be8 20. Ng5 Qd7 (20... Nd8 $142 21. Nxe6 Nxe6 22. Bxd5
Qc8 $17) 21. h4 $1 Nd8 22. h5 Nh8 23. f4 Rc8 24. Bf3 Rc7 25. Kf2 Qg7 26. Qxg7+
Rxg7 27. Nxe6 $5 Nxe6 28. Bxd5 Bf7 29. Bxc4 Rc8 30. Bd3 Rxc3 31. h6 $1 Rg6 32.
d5 Nc5 33. e6 Rxd3 34. h7+ Kxh7 (34... Kg7 35. cxd3 Nxd3+ 36. Kf3 Nxe1+ 37.
Rxe1 $15) 35. Rh1+ Kg7 36. cxd3 Bxe6 37. dxe6 Rxe6 38. Rh5 $1 $10 Nxd3+ 39. Kf3
Ne1+ 40. Kf2 Nd3+ 41. Kf3 Rf6 42. a5 Nf7 (42... b5 43. Rd1 Nc5 44. Rd5 Ne6 45.
Ke3 $13) 43. axb6 axb6 44. Rd1 Nc5 45. g4 fxg4+ 46. Kxg4 Nh6+ 47. Kf3 Ne6 48.
Rd6 $1 Rxf4+ 49. Kg3 Rg4+ 50. Kf2 1/2-1/2

[Event "URS-ch55"]
[Site "Moscow"]
[Date "1988.07.??"]
[Round "11"]
[White "Ehlvest, Jaan"]
[Black "Jussupow, Artur"]
[Result "1/2-1/2"]
[WhiteElo "2580"]
[BlackElo "2620"]
[Annotator "ChessBase"]
[PlyCount "169"]
[EventDate "1988.07.??"]
[EventType "tourn"]
[EventRounds "17"]
[EventCountry "URS"]
[EventCategory "14"]
[SourceTitle "URS-ch"]
[Source "ChessBase"]
[SourceDate "1999.07.01"]
[SourceVersion "1"]
[SourceVersionDate "1999.07.01"]
[SourceQuality "1"]

1. e4 e6 2. d4 d5 3. Nc3 Bb4 4. e5 Ne7 5. a3 Bxc3+ 6. bxc3 c5 7. h4 Qc7 8. Nf3
b6 (8... Nbc6) 9. h5 h6 10. Bb5+ (10. a4 Ba6 11. Bb5+ Bxb5 12. axb5 $14 {
Steiner-Foltys/Lodz/1938/} a5 $10) 10... Bd7 11. Bd3 Ba4 12. O-O c4 13. Be2
Nbc6 14. g3 (14. Re1 O-O-O 15. Bf1 Rdg8 16. Nh2 Kb7 {Kuczynski-Hansen,Cu/
Groningen/1988/}) 14... O-O-O 15. Nh4 Rdg8 16. Bg4 Nd8 17. Re1 Qd7 $10 18. Ng2
Kb7 19. Re2 Nf5 20. Nf4 g6 21. Rb1 Nc6 22. Re1 Nce7 23. Kh2 Rg7 24. Rb4 a5 25.
Rb2 Rhg8 26. Rg1 Ka7 27. Qe2 Qc8 28. Ng2 Qf8 29. Bxf5 Nxf5 30. g4 Qxa3 31. gxf5
gxh5 32. Qe1 Qa1 33. Qe3 Rg5 34. f4 Rg3 35. Qxg3 Rxg3 36. Kxg3 Qa3 37. Ne3 Qxc3
38. Rd1 Bd7 39. Kf2 h4 40. Ra2 h3 41. Bb2 Qb4 42. Ba3 Qc3 43. Bb2 Qb4 44. f6 h2
45. Kg2 c3 46. Bc1 Qb5 47. Re1 Qb4 48. Rd1 Qb5 49. Re1 Qb4 50. Ra3 Qxd4 51. Nd1
Kb7 52. Rxc3 Qa4 53. Nb2 Qb4 54. Rce3 Qxf4 55. Nd3 Qg4+ 56. Kxh2 d4 57. Re4 Qg6
58. Rh4 Bc6 59. Re2 a4 60. Rf2 Be4 61. Nb4 h5 62. Bb2 b5 63. Bxd4 Bf5 64. Rhf4
Qg5 65. Nd3 a3 66. Nc5+ Kc6 67. Ne4 Bxe4 68. Rxe4 a2 69. Bb2 h4 70. Rg2 Qf5 71.
Reg4 h3 72. Kxh3 Qf1 73. Kh4 a1=Q 74. Bxa1 Qxa1 75. Re4 Kd5 76. Ree2 Qh1+ 77.
Kg3 Qh6 78. Kf3 Qh3+ 79. Kf2 Qh4+ 80. Kg1 Qd4+ 81. Rgf2 Qh4 82. Rf3 Qg4+ 83.
Kf2 Qh4+ 84. Kg2 Qg4+ 85. Kf2 1/2-1/2

[Event "Amsterdam op"]
[Site "Amsterdam"]
[Date "1982.07.??"]
[Round "7"]
[White "Van der Sterren, Paul"]
[Black "Short, Nigel D"]
[Result "0-1"]
[WhiteElo "2470"]
[BlackElo "2430"]
[Annotator "ChessBase/Notkin"]
[PlyCount "70"]
[EventDate "1982.07.??"]
[EventType "swiss"]
[EventRounds "9"]
[EventCountry "NED"]
[SourceTitle "MCL"]
[Source "ChessBase"]
[SourceDate "1999.07.01"]
[SourceVersion "1"]
[SourceVersionDate "1999.07.01"]
[SourceQuality "1"]

1. e4 e6 2. d4 d5 3. Nc3 Bb4 4. e5 Ne7 5. a3 Bxc3+ 6. bxc3 c5 7. a4 Bd7 8. Nf3
Qa5 9. Qd2 Nbc6 10. Bd3 (10. Be2) 10... O-O-O (10... f6 11. O-O fxe5 12. Nxe5
Nxe5 13. dxe5 O-O 14. c4 Qxd2 15. Bxd2 Bc6 $10 {Fischer,R-Uhlmann,W/Stockholm/
1962/0,5/32/}) 11. O-O c4 12. Be2 f5 (12... f6 13. Ba3 Ng6 14. Bd6 Nce7 15. Nh4
Rde8 16. Nxg6 hxg6 17. exf6 gxf6 18. h3 Nf5 $13 {Fischer,R-Uhlmann,W/Buenos
Aires/1960/0:1/42/}) 13. Ba3 h6 14. h4 Rdg8 15. Rfb1 b6 (15... g6 16. Rb5 Qa6
17. Rab1 b6 18. a5 $16) 16. Bd6 (16. h5 $14) 16... g6 {[#]} 17. Ne1 $11 (17.
Bb4 Nxb4 18. cxb4 Qa6 19. Qc1 $14) (17. Rb5 Qa6 18. Qc1 Rg7 19. Qa3 $14) (17.
Qc1 Rh7 18. Rb5 Qa6 19. Rbb1 Qa5 20. Ra3 Rgh8 21. Bb4 Qa6 22. a5 $16) 17... Kd8
(17... g5 18. Nd3 $1 Kd8 (18... cxd3 19. Bxd3 {/\Bb4+-/}) (18... Nxd4 19. Bb4
Nxe2+ 20. Qxe2 Qa6 21. Bxe7 cxd3 22. cxd3 $16) (18... gxh4 19. Nf4)) 18. Nf3 $6
(18. f4 $13) 18... Ke8 19. g3 Nd8 20. Qc1 Nec6 21. Qe3 Qa6 22. Ne1 Nf7 23. Ba3
g5 $15 24. Ng2 Kd8 $1 25. Bh5 Be8 26. a5 b5 27. Qc1 $2 (27. Bc5 Rh7 28. Rb2 Nh8
29. Bxe8 Kxe8 30. Rab1 Rb7 $15) 27... Nfxe5 $1 $19 28. Bxe8 Nf3+ 29. Kh1 Rxe8
30. Qe3 g4 31. Nf4 Kc8 32. Bc5 (32. Nxe6 Nb8 33. Nc5 Rxe3 34. Nxa6 Re2 35. Nxb8
Rxf2 $19) 32... Nb8 33. Rb2 e5 34. Nxd5 Qb7 35. Nf6 Re6 0-1

[Event "IBM-19 Grootmeestergroep A"]
[Site "Amsterdam"]
[Date "1979.07.20"]
[Round "8"]
[White "Byrne, Robert Eugene"]
[Black "Farago, Ivan"]
[Result "1-0"]
[WhiteElo "2535"]
[BlackElo "2510"]
[Annotator "Dolmatov,S"]
[PlyCount "101"]
[EventDate "1979.07.11"]
[EventType "tourn"]
[EventRounds "13"]
[EventCountry "NED"]
[EventCategory "12"]
[SourceTitle "MCL"]
[Source "ChessBase"]
[SourceDate "1999.07.01"]
[SourceVersion "1"]
[SourceVersionDate "1999.07.01"]
[SourceQuality "1"]

1. e4 e6 2. d4 d5 3. Nc3 Bb4 4. e5 Ne7 5. a3 Bxc3+ 6. bxc3 c5 7. Nf3 Bd7 8. Bd3
Ba4 9. O-O (9. h4 $5 Nbc6 10. h5 $14) 9... c4 10. Be2 Nbc6 (10... h6 $32) 11.
Ng5 h6 12. Nh3 Qa5 (12... Ng6 $5 13. Bh5 Nce7 14. Nf4 Nxf4 15. Bxf4 $10) 13.
Bd2 O-O-O 14. Nf4 g6 15. Re1 (15. h4 $5) 15... a6 16. Bf1 Rdg8 17. Re3 $6 (17.
g3 $22 Kb8 18. h4 Ka7 19. h5 g5 20. Ng2 $14) 17... Nf5 18. Rf3 Qd8 19. g4 $6
Nh4 20. Rg3 h5 $2 (20... Qe7 $22 $15 21. Ra2 f6) 21. f3 Qe7 22. Nh3 $1 hxg4 23.
fxg4 g5 (23... f6 24. exf6 Qxf6 25. Bg5 Qf7 26. Nf4 e5 27. dxe5 Nxe5 $132) 24.
Qc1 f6 25. exf6 Qxf6 26. Be2 Qg6 $2 (26... e5 $5 27. Bxg5 Qd6 $44) 27. Bxg5
Bxc2 28. Qe3 Be4 (28... Rf8 $5 29. Rf1 Rxf1+ 30. Bxf1 Be4 $16) 29. Rf1 $16 Ng2
30. Rxg2 Bxg2 31. Kxg2 Rxh3 32. Kxh3 Qxg5 33. Qxg5 Rxg5 34. Kg3 $18 b5 35. h4
Rg8 36. g5 a5 37. Bg4 (37. Kg4 {Ph4-h5-h6 +-}) 37... Kd7 38. Rf6 Nd8 39. Rf1 b4
40. axb4 axb4 41. cxb4 Nc6 42. b5 Nxd4 43. Rd1 Nxb5 44. Rxd5+ Nd6 45. Re5 Rg6
46. Kf4 Nf7 47. Rc5 Ke7 48. Bh5 Rg7 49. Bxf7 Rxf7+ 50. Kg4 Rf1 51. Rxc4 1-0